{"text_format":"3","workbook":"xlsx","n_sheets":2,"sheets":["DEMOLITION BOQ ","DEMOLITION BOQ PRICED"],"not_rendered":{"defined_names":3},"read":"whole","date_system":"1900"}

{"sheet":"DEMOLITION BOQ ","index":0,"n_rows":198,"n_cols":7,"rows_kept":198,"merged":[[189,0,189,2],[189,3,189,5],[191,3,191,5],[192,3,192,5],[193,3,193,5],[194,3,194,5],[195,3,195,5],[196,3,196,5],[197,0,197,2],[197,3,197,5]]}
[]
["ITEM NO","PAYMENT REF","DESCRIPTION","UNIT","QUANTITY","  RATE","AMOUNT"]
[]
[1,null,"Preliminary and Generals -"]
[]
[1.1,"PPS6-11.1","Fixed:"]
["1.1.1",null,"a) Establishment on site to include all neccesary Storages.","Sum",1]
[]
["1.1.2",null,"b) De-Establishment  site ","Sum",1]
[]
[1.2,null,"Time Related:"]
["1.2.1",null,"Facilities for Contractor"]
[null,"PSA 8.4.2.2","a) Facilities","Months",6]
[]
[null,"PSA 8.4.3","b) Supervision for the duration of construction, Accomodation and Travelling.","Months",6]
[]
[null,"PSA 8.4.4","c) Company and head office overhead costs for duration of contract","Months",6]
[]
[null,"PSA 8.4.5","d) Other time-related obligations","Months",6]
[]
["1.2.2",null,"Insurances:"]
[null,"8.3.1","a) Cost for Performance Bond, All Risk Contractors Insurance, SASRIA,etc","Sum",1]
[]
["1.2.3","PPS1","Health & Safety Management -"]
[null,null,"a) Allow for the necessary Workman’s Compensation Fund or FEM contributions for the duration of the project with and including renewals","Sum",1]
[]
[null,null,"b) Allow for the preparation and approval of project-specific H&S Plan & File  [CR 7(1)(a)]","Sum",1]
[]
[null,null,"c) Allow for the implementation and maintenance of project-specific H&S Plan & File. [CR 7]","Months",6]
[]
[null,null,"d) Allow for the appointment of a Part-Time Competent Construction Health & Safety Officer (SACPCMP Registered) to assist in the control of all health and safety related aspects on site as per CR 8(5)","Months",6]
[]
[null,null,"e) Allow for provision of Basic Emergency Preparedness and Response equipment & at least Two (2) First Aiders ","Sum",1]
[]
[null,null,"Provide, supply and maintenance for each worker the following SANS approved personal protective equipment & clothing as per the site-specific risk assessments for duration of the contract:"]
[]
[null,null,"a) Hard Hats (High Density polyethylene, & 6-point lining)","Sum",1]
[]
[null,null,"b) Overall/work suit (100% Cotton)","Sum",1]
[]
[null,null,"c) Rain suits ","Sum",1]
[]
[null,null,"d) Safety boots/shoes (Steel-Toe)","Sum",1]
[]
[null,null,"f) Safety Gumboots (Steel-Toe)","Sum",1]
[]
[null,null,"g) Safety gloves","Sum",1]
[]
[null,null,"h) Ear Plugs/Muffs","Sum",1]
[]
[null,null,"i) Dust Mask (at least FF2 type)","Sum",1]
[]
[null,null,"j) Respiratory Protective Equipment","Sum",1]
[]
[null,null,"k) Safety goggles/ Eye Protective Equipment","Sum",1]
[]
[null,null,"l) High visibility reflective vests and/or bibs","Sum",1]
[]
[null,null,"m) Personal Fall arrest  and rescue equipment with and including life lines and associated equipment ","Sum",1]
[]
[null,null,"n) Temporary warning signs and symbols","Sum",1]
[]
[null,null,"o) SANS approved safety netting (orange colour with minimum of 1,2 meters high)","Sum",1]
[]
[null,null,"p) Allow for Pre-employment medical examinations","Sum",1]
[]
[null,null,"q) Allow for exit medical examinations","Sum",1]
[]
[null,null,"r) Allow for all compulsory health and safety awareness programme (e.g. Inductions, toolbox Talks, Safety Promotions, Risk Assessment, First Aid, Fire Fighting, H&S related training, etc.)","Sum",1]
[]
["1.2.4","PPS2","Environmental Management -"]
[]
[null,null,"a) Environmental compliance in relations to control of dust, vibrations, noise and falling debris. ","Sum",1]
[]
[null,null,"b) Provide for adequate handling and storage of materials so as to minimize contamination of ground, air or water.","Months",6]
[]
[null,null,"c) Provide for the adequate and safe collection and disposal of waste material from site by an approved method.","Months",6]
[]
[2,"PPS6","DEMOLITION AND REMOVAL OF STRUCTURAL CONCRETE"]
[2.1,"PPS6-11.2","Temporary access structures and working platforms"]
[]
[null,"","a) Spillway crest","Sum",1]
[]
[null,"","b) Spillway toe","Sum",1]
[]
[null,"","c) Non-overspill Crest","Sum",1]
[]
[null,"","d) Intake Works","Sum",1]
[]
[2.2,"PPS6-11.3","Establishment of mobile access units and cranes"]
[]
[null,"","a) Spillway crest","Sum",1]
[]
[null,"","b) Spillway toe","Sum",1]
[]
[null,"","c) Non-overspill Crest","Sum",1]
[]
[null,"","d) Intake Works","Sum",1]
[]
[2.3,"PPS6-11.4","Operation and maintenance of mobile access units/cranes (Contractor to state duration)"]
[]
[null,"","a) Spillway crest","Sum",1]
[]
[null,"","b) Spillway toe","Sum",1]
[]
[null,"","c) Non-overspill Crest","Sum",1]
[]
[null,"","d) Intake Works","Sum",1]
[]
[null,"PPS6-11.5","e) Protective measures and screening","Sum",1]
[]
[null,"PPS6-11.6","f) Access at end of maintenance period","Sum",1]
[]
[2.4,"PPS6-11.7","Demolition of concrete in dam spillway"]
[]
[null,null,"Note: As per PPS6-6.7 (Amemded)….Reinforcement included in the various elements, where applicable, shall be separated and disposed of at a commercial scrap dealer in Tzaneen. The cost of reinforcement seperation shall be included in the tendered rate of each structure."]
[]
[null,"","a) Demolition of concrete to form Labyrinth Spillway key","m3",55]
[]
[null,"","b) Demolition of concrete existing spillway toe","m3",1220]
[]
[null,null,"c) Stilling Basin - Roller Bucket","m3",635]
[]
[2.5,"PPS6-11.8","Demolition of concrete in non-overspill crest"]
[]
[null,null,"Note: As per PPS6-6.7 (Amemded)….Reinforcement included in the various elements, where applicable, shall be separated and disposed of at a commercial scrap dealer in Tzaneen. The cost of reinforcement seperation shall be included in the tendered rate of each structure."]
[null,"","a) Demolition of cantilevered walkway on Tongue Wall","m3",50]
[]
[2.6,"PPS6-11.9","Demolition of concrete in Intake Works"]
[null,null,"Note: As per PPS6-6.7 (Amemded)….Reinforcement included in the various elements, where applicable, shall be separated and disposed of at a commercial scrap dealer in Tzaneen. The cost of reinforcement seperation shall be included in the tendered rate of each structure."]
[]
[null,"","a) Intake Tower Roof","m3",30]
[]
[null,"","b) Column","m3",5]
[]
[null,"","c) Training wall","m3",40]
[]
[null,"","d) 230 mm thick masonry wall panels","m3",35]
[]
[2.7,"PPS6-11.10","Demolition of Miscellaneous Concrete Elements (buildings and other structures)"]
[]
[null,"","a) Concrete pockets to receive water stop","m3",5]
[]
[2.8,"PPS6-11.11","Preparation of existing concrete surfaces to receive new concrete:"]
[]
[null,"","i) Inclined face of concrete Spillway","m2",700]
[]
[null,"","ii) Vertical face of concrete Apron Slab","m2",250]
[]
[null,"","iii) Horizontal face of concrete of tongue wall","m2",330]
[]
[null,"","iv) Inclined top surface of training wall","m2",110]
[]
[null,"","v) Vertical face of exist side walls to receive retro-fit water bars","m2",15]
[]
[2.9,null,"Gallery sump Enlargement"]
[]
[null,null,"(a) Sump enlargement of 2.4 cubic meter of concrete to be smoothly demolished to deepen the sump by 600mm. Size of sump enlargement is 2m x 2m x 600mm.(W x L  x H)","m3",2.4]
[]
[null,"PPS6-11.12","(b) Assessment and repair of damage to the structure","Sum",1]
[]
[null,"PPS6-11.13","(c) Underwater Topographical survey","Sum",1]
[]
[null,"PP6-11.14","(d) Penalty for over-break","m3",1]
[]
[null,null,"Disposal"]
[]
[null,null,"(a) Dispose the material as mentioned above to an approved landfill site. (Tzaneen Landfill site or any other approved location.)","m3",2040]
[]
[3,"PSC 8.2.8 ","Removal, Transportation and Packing of Concrete Paving Blocks"]
[]
[null,null,"Note: This is a Labour Intensive Activity:"]
[]
[3.1,null,"g)  Left Bank Paving blocks, store for later re-use (within a radius of 1km)"]
[]
[null,null,"i) 10m wide roadway - 150 mm thick pavers","m2",1800]
[]
[null,null,"ii) Downstream face for retaining wall excavation (2m  wide) - 110 mm Pavers","m2",12000]
[]
[3.2,null,"h) Right Bank paving blocks, store for later re-use (within a radius of 1km)"]
[]
[null,null,"i) 10m wide roadway - 150 mm thick pavers","m2",7600]
[]
[null,null,"ii) Downstream face for retaining wall excavation (2m  wide) - 110 mm Pavers","m2",40000]
[]
[null,null,"Disposal"]
[]
[null,null,"a) Dispose the material as mentioned above to the approved landfill site. Within Tzaneen Local Municipality. (Contractor to get Engineer or Project Manager's instruction on which material/pavers to be disposed)","m3",10000]
[]
[{"$nulls":3},"SUBTOTAL - A "]
[]
[{"$nulls":3},"C O N T IN G E N C Y             5%"]
[]
[{"$nulls":3},"S U B T O TA L - B"]
[]
[{"$nulls":3},"VAT @ 1 5 %"]
[]
["GRANDTOTAL CARRIEDTO FORM OF OFFER",null,null,"G R A N D T O TA L (INCL VAT)"]

{"sheet":"DEMOLITION BOQ PRICED","index":1,"n_rows":200,"n_cols":7,"rows_kept":200,"hidden":true,"merged":[[191,0,191,2],[191,3,191,5],[193,3,193,5],[194,3,194,5],[195,3,195,5],[196,3,196,5],[197,3,197,5],[198,3,198,5],[199,0,199,2],[199,3,199,5]]}
[]
["ITEM NO","PAYMENT REF","DESCRIPTION","UNIT","QUANTITY","  RATE","AMOUNT"]
[]
[1,null,"Preliminary and Generals -"]
[]
[1.1,"PPS6-11.1","Fixed:"]
["1.1.1",null,"Establishment on site to include all neccesary Storages.","Sum",1,{"v":900000,"d":"R900,000.00"},{"$f":"E7*F7","v":{"v":900000,"d":"R900,000.00"}}]
[]
["1.1.2",null,"De-Establishment  site ","Sum",1,{"v":600000,"d":"R600,000.00"},{"$f":"E9*F9","v":{"v":600000,"d":"R600,000.00"}}]
[]
[1.2,null,"Time Related:"]
["1.2.1",null,"Facilities for Contractor"]
[null,"PSA 8.4.2.2","Facilities","Months",6,{"v":125000,"d":"R125,000.00"},{"$f":"E13*F13","v":{"v":750000,"d":"R750,000.00"}}]
[]
[null,"PSA 8.4.3","Supervision for the duration of construction, Accomodation and Travelling.","Months",6,{"v":270000,"d":"R270,000.00"},{"$f":"E15*F15","v":{"v":1620000,"d":"R1,620,000.00"}}]
[]
[null,"PSA 8.4.4","Company and head office overhead costs for duration of contract","Months",6,{"v":60000,"d":"R60,000.00"},{"$f":"E17*F17","v":{"v":360000,"d":"R360,000.00"}}]
[]
[null,"PSA 8.4.5","Other time-related obligations","Months",6,{"v":100000,"d":"R100,000.00"},{"$f":"E19*F19","v":{"v":600000,"d":"R600,000.00"}}]
[]
["1.2.2",null,"Insurances:"]
[null,"8.3.1","Cost for Performance Bond, All Risk Contractors Insurance, SASRIA,etc","Sum",1,{"v":1500000,"d":"R1,500,000.00"},{"$f":"E22*F22","v":{"v":1500000,"d":"R1,500,000.00"}}]
[]
["1.2.3","PPS1","Health & Safety Management -"]
[null,null,"Allow for the necessary Workman’s Compensation Fund or FEM contributions for the duration of the project with and including renewals","Sum",1,{"v":50000,"d":"R50,000.00"},{"$f":"E25*F25","v":{"v":50000,"d":"R50,000.00"}}]
[]
[null,null,"Allow for the preparation and approval of project-specific H&S Plan & File  [CR 7(1)(a)]","Sum",1,{"v":25000,"d":"R25,000.00"},{"$f":"E27*F27","v":{"v":25000,"d":"R25,000.00"}}]
[]
[null,null,"Allow for the implementation and maintenance of project-specific H&S Plan & File. [CR 7]","Months",6,{"v":5000,"d":"R5,000.00"},{"$f":"E29*F29","v":{"v":30000,"d":"R30,000.00"}}]
[]
[null,null,"Allow for the appointment of a Part-Time Competent Construction Health & Safety Officer (SACPCMP Registered) to assist in the control of all health and safety related aspects on site as per CR 8(5)","Months",6,{"v":30000,"d":"R30,000.00"},{"$f":"E31*F31","v":{"v":180000,"d":"R180,000.00"}}]
[]
[null,null,"Allow for provision of Basic Emergency Preparedness and Response equipment & at least Two (2) First Aiders ","Sum",1,{"v":30000,"d":"R30,000.00"},{"$f":"E33*F33","v":{"v":30000,"d":"R30,000.00"}}]
[]
[null,null,"Provide, supply and maintenance for each worker the following SANS approved personal protective equipment & clothing as per the site-specific risk assessments for duration of the contract:"]
[]
[null,null,"Hard Hats (High Density polyethylene, & 6-point lining)","Sum",1,{"v":2000,"d":"R2,000.00"},{"$f":"E37*F37","v":{"v":2000,"d":"R2,000.00"}}]
[]
[null,null,"Overall/work suit (100% Cotton)","Sum",1,{"v":45000,"d":"R45,000.00"},{"$f":"E39*F39","v":{"v":45000,"d":"R45,000.00"}}]
[]
[null,null,"Rain suits ","Sum",1,{"v":6000,"d":"R6,000.00"},{"$f":"E41*F41","v":{"v":6000,"d":"R6,000.00"}}]
[]
[null,null,"Safety boots/shoes (Steel-Toe)","Sum",1,{"v":15000,"d":"R15,000.00"},{"$f":"E43*F43","v":{"v":15000,"d":"R15,000.00"}}]
[]
[null,null,"Safety Gumboots (Steel-Toe)","Sum",1,{"v":3000,"d":"R3,000.00"},{"$f":"E45*F45","v":{"v":3000,"d":"R3,000.00"}}]
[]
[null,null,"Safety gloves","Sum",1,{"v":1000,"d":"R1,000.00"},{"$f":"E47*F47","v":{"v":1000,"d":"R1,000.00"}}]
[]
[null,null,"Ear Plugs/Muffs","Sum",1,{"v":1000,"d":"R1,000.00"},{"$f":"E49*F49","v":{"v":1000,"d":"R1,000.00"}}]
[]
[null,null,"Dust Mask (at least FF2 type)","Sum",1,{"v":2000,"d":"R2,000.00"},{"$f":"E51*F51","v":{"v":2000,"d":"R2,000.00"}}]
[]
[null,null,"Respiratory Protective Equipment","Sum",1,{"v":2000,"d":"R2,000.00"},{"$f":"E53*F53","v":{"v":2000,"d":"R2,000.00"}}]
[]
[null,null,"Safety goggles/ Eye Protective Equipment","Sum",1,{"v":1000,"d":"R1,000.00"},{"$f":"E55*F55","v":{"v":1000,"d":"R1,000.00"}}]
[]
[null,null,"High visibility reflective vests and/or bibs","Sum",1,{"v":5000,"d":"R5,000.00"},{"$f":"E57*F57","v":{"v":5000,"d":"R5,000.00"}}]
[]
[null,null,"Personal Fall arrest  and rescue equipment with and including life lines and associated equipment ","Sum",1,{"v":20000,"d":"R20,000.00"},{"$f":"E59*F59","v":{"v":20000,"d":"R20,000.00"}}]
[]
[null,null,"Temporary warning signs and symbols","Sum",1,{"v":10000,"d":"R10,000.00"},{"$f":"E61*F61","v":{"v":10000,"d":"R10,000.00"}}]
[]
[null,null,"SANS approved safety netting (orange colour with minimum of 1,2 meters high)","Sum",1,{"v":10000,"d":"R10,000.00"},{"$f":"E63*F63","v":{"v":10000,"d":"R10,000.00"}}]
[]
[null,null,"Allow for Pre-employment medical examinations","Sum",1,{"v":5000,"d":"R5,000.00"},{"$f":"E65*F65","v":{"v":5000,"d":"R5,000.00"}}]
[]
[null,null,"Allow for exit medical examinations","Sum",1,{"v":5000,"d":"R5,000.00"},{"$f":"E67*F67","v":{"v":5000,"d":"R5,000.00"}}]
[]
[null,null,"Allow for all compulsory health and safety awareness programme (e.g. Inductions, toolbox Talks, Safety Promotions, Risk Assessment, First Aid, Fire Fighting, H&S related training, etc.)","Sum",1,{"v":50000,"d":"R50,000.00"},{"$f":"E69*F69","v":{"v":50000,"d":"R50,000.00"}}]
[]
["1.2.4","PPS2","Environmental Management -"]
[]
[null,null,"Environmental compliance in relations to control of dust, vibrations, noise and falling debris. ","Sum",1,{"v":65000,"d":"R65,000.00"},{"$f":"E73*F73","v":{"v":65000,"d":"R65,000.00"}}]
[]
[null,null,"Provide for adequate handling and storage of materials so as to minimize contamination of ground, air or water.","Months",6,{"v":15000,"d":"R15,000.00"},{"$f":"E75*F75","v":{"v":90000,"d":"R90,000.00"}}]
[]
[null,null,"Provide for the adequate and safe collection and disposal of waste material from site by an approved method.","Months",6,{"v":15000,"d":"R15,000.00"},{"$f":"E77*F77","v":{"v":90000,"d":"R90,000.00"}}]
[]
[2,"PPS6","DEMOLITION AND REMOVAL OF STRUCTURAL CONCRETE"]
[2.1,"PPS6-11.2","Temporary access structures and working platforms"]
[]
[null,"","a) Spillway crest","Sum",1,{"v":273471,"d":"R273,471.00"},{"$f":"E82*F82","v":{"v":273471,"d":"R273,471.00"}}]
[]
[null,"","b Spillway toe","Sum",1,{"v":291702,"d":"R291,702.00"},{"$f":"E84*F84","v":{"v":291702,"d":"R291,702.00"}}]
[]
[null,"","c) Non-overspill Crest","Sum",1,{"v":546942,"d":"R546,942.00"},{"v":546942,"d":"R546,942.00"}]
[]
[null,"","d) Intake Works","Sum",1,{"v":656331,"d":"R656,331.00"},{"v":656331,"d":"R656,331.00"}]
[]
[2.2,"PPS6-11.3","Establishment of mobile access units and cranes"]
[]
[null,"","a) Spillway crest","Sum",1,{"v":513223.15,"d":"R513,223.15"},{"v":513223.15,"d":"R513,223.15"}]
[]
[null,"","b Spillway toe","Sum",1,{"v":124417.73,"d":"R124,417.73"},{"v":124417.73,"d":"R124,417.73"}]
[]
[null,"","c) Non-overspill Crest","Sum",1,{"v":451014.28,"d":"R451,014.28"},{"v":451014.28,"d":"R451,014.28"}]
[]
[null,"","d) Intake Works","Sum",1,{"v":186626.6,"d":"R186,626.60"},{"v":186626.6,"d":"R186,626.60"}]
[]
[2.3,"PPS6-11.4","Operation and maintenance of mobile access units/cranes (Contractor to state duration)"]
[]
[null,"","a) Spillway crest","Sum",1,{"$f":"12946.74*28","v":{"v":362508.72,"d":"R362,508.72"}},{"v":362508.72,"d":"R362,508.72"}]
[]
[null,"","b) Spillway toe","Sum",1,{"$f":"12946.74*28","v":{"v":362508.72,"d":"R362,508.72"}},{"$f":"E104*F104","v":{"v":362508.72,"d":"R362,508.72"}}]
[]
[null,"","c) Non-overspill Crest","Sum",1,{"$f":"12946.74*28","v":{"v":362508.72,"d":"R362,508.72"}},{"$f":"E106*F106","v":{"v":362508.72,"d":"R362,508.72"}}]
[]
[null,"","d) Intake Works","Sum",1,{"$f":"12946.74*28","v":{"v":362508.72,"d":"R362,508.72"}},{"$f":"E108*F108","v":{"v":362508.72,"d":"R362,508.72"}}]
[]
[null,"PPS6-11.5","Protective measures and screening","Sum",1,{"v":15000,"d":"R15,000.00"},{"v":15000,"d":"R15,000.00"}]
[]
[null,"PPS6-11.6","Access at end of maintenance period","Sum",1,{"v":30000,"d":"R30,000.00"},{"v":30000,"d":"R30,000.00"}]
[]
[2.4,"PPS6-11.7","Demolition of concrete in dam spillway"]
[]
[null,null,"Note: As per PPS6-6.7 (Amemded)….Reinforcement included in the various elements, where applicable, shall be separated and disposed of at a commercial scrap dealer in Tzaneen. The cost of reinforcement seperation shall be included in the tendered rate of each structure."]
[]
[null,"","a) Demolition of concrete to form Labyrinth Spillway key","m3",55,{"v":3002.17,"d":"R3,002.17"},{"v":165119.35,"d":"R165,119.35"}]
[]
[null,"","b) Demolition of concrete existing spillway toe","m3",1220,{"v":2945.57,"d":"R2,945.57"},{"v":3593595.4000000004,"d":"R3,593,595.40"}]
[]
[null,null,"c) Stilling Basin - Roller Bucket","m3",635,{"$f":"2530*1.18","v":{"v":2985.3999999999996,"d":"R2,985.40"}},{"v":1895728.9999999998,"d":"R1,895,729.00"}]
[]
[2.5,"PPS6-11.8","Demolition of concrete in non-overspill crest"]
[]
[null,null,"Note: As per PPS6-6.7 (Amemded)….Reinforcement included in the various elements, where applicable, shall be separated and disposed of at a commercial scrap dealer in Tzaneen. The cost of reinforcement seperation shall be included in the tendered rate of each structure."]
[]
[null,"","a) Demolition of cantilevered walkway on Tongue Wall","m3",50,{"v":3002.17,"d":"R3,002.17"},{"v":150108.5,"d":"R150,108.50"}]
[]
[2.6,"PPS6-11.9","Demolition of concrete in Intake Works"]
[null,null,"Note: As per PPS6-6.7 (Amemded)….Reinforcement included in the various elements, where applicable, shall be separated and disposed of at a commercial scrap dealer in Tzaneen. The cost of reinforcement seperation shall be included in the tendered rate of each structure."]
[]
[null,"","a) Intake Tower Roof","m3",30,{"v":3002.17,"d":"R3,002.17"},{"v":90065.1,"d":"R90,065.10"}]
[]
[null,"","b) Column","m3",5,{"v":3002.17,"d":"R3,002.17"},{"v":15010.85,"d":"R15,010.85"}]
[]
[null,"","c) Training wall","m3",40,{"v":2945.57,"d":"R2,945.57"},{"v":117822.8,"d":"R117,822.80"}]
[]
[null,"","d) 230 mm thick masonry wall panels","m3",35,{"v":2945.57,"d":"R2,945.57"},{"v":103094.95000000001,"d":"R103,094.95"}]
[]
[2.7,"PPS6-11.10","Demolition of Miscellaneous Concrete Elements (buildings and other structures)"]
[]
[null,"","a) Concrete pockets to receive water stop","m3",5,{"v":3002.17,"d":"R3,002.17"},{"v":15010.85,"d":"R15,010.85"}]
[]
[2.8,"PPS6-11.11","Preparation of existing concrete surfaces to receive new concrete:"]
[]
[null,"","i) Inclined face of concrete Spillway","m2",700,{"v":401.01,"d":"R401.01"},{"v":280707,"d":"R280,707.00"}]
[]
[null,"","ii) Vertical face of concrete Apron Slab","m2",250,{"v":534.67,"d":"R534.67"},{"v":133667.5,"d":"R133,667.50"}]
[]
[null,"","iii) Horizontal face of concrete of tongue wall","m2",330,{"v":401.01,"d":"R401.01"},{"v":132333.3,"d":"R132,333.30"}]
[]
[null,"","iv) Inclined top surface of training wall","m2",110,{"v":401.01,"d":"R401.01"},{"v":44111.1,"d":"R44,111.10"}]
[]
[null,"","v)Vertical face of exist side walls to receive retro-fit water bars","m2",15,{"v":534.67,"d":"R534.67"},{"$f":"E155*F155","v":{"v":8020.049999999999,"d":"R8,020.05"}}]
[]
[2.9,null,"Gallery sump Enlargement"]
[]
[null,null,"Sump enlargement of 2.4 cubic meter of concrete to be smoothly demolished to deepen the sump by 600mm. Size of sump enlargement is 2m x 2m x 600mm.(W x L  x H)","m3",2.4,{"$f":"2530*1.08","v":{"v":2732.4,"d":"R2,732.40"}},{"$f":"E159*F159","v":{"v":6557.76,"d":"R6,557.76"}}]
[]
[]
[null,null,"Disposal"]
[]
[null,null,"Dispose the material as mentioned above to an approved landfill site. (Tzaneen Landfill site or any other approved location.)","m3",2040,{"v":120,"d":"R120.00"},{"$f":"E164*F164","v":{"v":244800,"d":"R244,800.00"}}]
[]
[null,"PPS6-11.12","Assessment and repair of damage to the structure","Sum",1,{"v":75000,"d":"R75,000.00"},{"v":75000,"d":"R75,000.00"}]
[]
[null,"PPS6-11.13","Underwater Topographical survey","Sum",1,{"v":75000,"d":"R75,000.00"},{"v":75000,"d":"R75,000.00"}]
[]
[null,"PP6-11.14","Penalty for over-break","m3",1,{"v":2000,"d":"R2,000.00"},{"v":2000,"d":"R2,000.00"}]
[]
[3,"PSC 8.2.8 ","Removal, Transportation and Packing of Concrete Paving Blocks"]
[]
[null,null,"Note: These is a Labour Intensive Activity:"]
[]
[3.1,null,"g)  Left Bank Paving blocks, store for later re-use (within a radius of 1km)"]
[]
[null,null,"i) 10m wide roadway - 150 mm thick pavers","m2",1800,{"v":159.63,"d":"R159.63"},{"v":287334,"d":"R287,334.00"}]
[]
[null,null,"ii) Downstream face for retaining wall excavation (2m  wide) - 110 mm Pavers","m2",12000,{"v":185.2,"d":"R185.20"},{"v":2222400,"d":"R2,222,400.00"}]
[]
[3.2,null,"h) Right Bank paving blocks, store for later re-use (within a radius of 1km)"]
[]
[null,null,"i) 10m wide roadway - 150 mm thick pavers","m2",7600,{"v":159.63,"d":"R159.63"},{"v":1213188,"d":"R1,213,188.00"}]
[]
[null,null,"ii) Downstream face for retaining wall excavation (2m  wide) - 110 mm Pavers","m2",40000,{"v":185.2,"d":"R185.20"},{"v":7408000,"d":"R7,408,000.00"}]
[]
[null,null,"Disposal"]
[]
[null,null,"Dispose the material as mentioned above to the approved landfill site. Within Tzaneen Local Municipality. (Contractor to get Engineer or Project Manager's instruction on which material/pavers to be disposed)","m3",10000,{"v":120,"d":"R120.00"},{"$f":"E190*F190","v":{"v":1200000,"d":"R1,200,000.00"}}]
[]
[{"$nulls":3},"SUBTOTAL - A ",null,null,{"$f":"SUM(G5:G190)","v":{"v":31090438.15000001,"d":"R31,090,438.15"}}]
[]
[{"$nulls":3},"C O N T IN G E N C Y             5%",null,null,{"$f":"G192*0.05","v":{"v":1554521.9075000007,"d":"R1,554,521.91"}}]
[]
[{"$nulls":3},"S U B T O TA L - B",null,null,{"$f":"G194+G192","v":{"v":32644960.057500012,"d":"R32,644,960.06"}}]
[]
[{"$nulls":3},"VAT @ 1 5 %",null,null,{"$f":"G196*0.15","v":{"v":4896744.008625002,"d":"R4,896,744.01"}}]
[]
["GRANDTOTAL CARRIEDTO FORM OF OFFER",null,null,"G R A N D T O TA L (INCL VAT)",null,null,{"$f":"G198+G196","v":{"v":37541704.06612501,"d":"R37,541,704.07"}}]